Accounting theory : conceptual issues in a political and economic environment /

Մատենագիտական մանրամասներ
Հիմնական հեղինակ: Wolk, Harry I.
Այլ հեղինակներ: Dodd, James L., 1947-, Rozycki, John J.
Ձևաչափ: Գիրք
Լեզու:English
Հրապարակվել է: Los Angeles : Sage Publications, c2008.
Հրատարակություն:Seventh edition.
Խորագրեր:
Classic Catalogue: View this record in Classic Catalogue
LEADER 01349nam a2200313 a 4500
001 14883201
003 BD-DhAAL
005 20250702151724.0
008 070607s2008 caua b 001 0 eng d
010 |a  2007023766 
020 |a 9781412953450 (cloth) 
020 |a 1412953456 (cloth) 
040 |a DLC  |c DLC  |d YDX  |d BAKER  |d BTCTA  |d YDXCP  |d DLC  |d BD-DhAAL 
082 0 0 |a 657  |2 22 
100 1 |a Wolk, Harry I.  |9 58632 
245 1 0 |a Accounting theory :  |b conceptual issues in a political and economic environment /  |c Harry I. Wolk, James L. Dodd, John J. Rozycki. 
250 |a Seventh edition. 
260 |a Los Angeles :  |b Sage Publications,  |c c2008. 
300 |a xi, 678 pages :  |b ill. ;  |c 24 cm. 
504 |a Includes bibliographical references and indexes. 
526 |a BBS  |x Requisitioned by Faculties of BBS Course name and no : N/A 
541 1 |a Karim International   |e 00019551 
650 0 |a Accounting. 
700 1 |a Dodd, James L.,  |d 1947-  |9 58633 
700 1 |a Rozycki, John J.  |9 58634 
852 4 |a Ayesha Abed Library   |j General Shelf. 
942 |2 ddc  |c BK 
999 |c 5499  |d 5499 
952 |0 0  |1 4  |2 ddc  |4 0  |6 657_000000000000000_WOL  |7 0  |9 5372  |a BRACUL  |b BRACUL  |c GEN  |d 2009-11-10  |e Karim International  |g 5662.00  |l 0  |o 657 WOL  |p 3010019551  |r 2009-11-15  |t 1  |w 2009-11-15  |y BK  |x Koha Inventory 2020; Requisitioned by Faculties of BBS. Course name and no. "not available".